Catálogo
 En Linea
Vista normal Vista MARC

Entrada Nombre personal

Número de registros utilizados en: 32

001 - NÚMERO DE CONTROL

  • campo de control: 73577

003 - IDENTIFICADOR DEL NÚMERO DE CONTROL

  • campo de control: BNPHU

005 - FECHA Y HORA DE LA ÚLTIMA TRANSACCIÓN

  • campo de control: 20240402134028.0

008 - DATOS DE LONGITUD FIJA

  • campo de control de longitud fija: 200615|| aca||aabn | a|a d

010 ## - NÚMERO DE CONTROL DE LA BIBLIOTECA DEL CONGRESO

  • Número de control de LC: n 96022602‏
  • Número de control de LC cancelado o no válido: n 2006070653‏
  • Número de control de LC cancelado o no válido: n 98084392

040 ## - FUENTE DE LA CATALOGACIÓN

  • Centro catalogador/agencia de origen: DO-SdBNP
  • Lengua de catalogación: spa
  • Centro/agencia transcriptor: BNPHU
  • Normas de descripción: rda

100 1# - ENCABEZAMIENTO-NOMBRE DE PERSONA

  • Nombre de persona: Potentini Adames, Trajano Vidal‏

370 ## - LUGAR ASOCIADO

  • Lugar de nacimiento: Santo Domingo (República Dominicana)‏ ‎
  • País asociado: República Dominicana

372 ## - CAMPO DE ACTIVIDAD

  • Campo de actividad: Derecho
  • Campo de actividad: Ciencia política

374 ## - OCUPACIÓN

  • Ocupación: Abogado
  • Ocupación: Profesor universitario

375 ## - GÉNERO/SEXO

  • Género/Sexo: Masculino

377 ## - LENGUA/LENGUAJE ASOCIADO

  • Código del idioma: spa
  • Término de lengua/lenguaje: Español

400 1# - TRAZADO DE VÉASE--NOMBRE DE PERSONA

  • Nombre de persona: Adames, Trajano Vidal Potentini

400 1# - TRAZADO DE VÉASE--NOMBRE DE PERSONA

  • Nombre de persona: Potentini, Vidal

400 1# - TRAZADO DE VÉASE--NOMBRE DE PERSONA

  • Nombre de persona: Potentini, Vidal

400 1# - TRAZADO DE VÉASE--NOMBRE DE PERSONA

  • Nombre de persona: Potentini, Trajano Vidal

400 1# - TRAZADO DE VÉASE--NOMBRE DE PERSONA

  • Nombre de persona: Potentini A., Trajano‏ ‎
  • Información miscelánea: (Potentini Adames)

400 1# - TRAZADO DE VÉASE--NOMBRE DE PERSONA

  • Nombre de persona: Potentini A., Trajano Vidal‏
  • Forma completa/desarrollada del nombre: (Potentini Adames)

670 ## - FUENTE DE DATOS ENCONTRADOS

  • Cita de la fuente: Work cat.: (OSt)45011: Potentini A., Trajano Vidal,, Código de comercio de la República Dominicana /, 1999.

670 ## - FUENTE DE DATOS ENCONTRADOS

  • Cita de la fuente: Potentini Adames, Trajano Vidal. Formularios anotados y nueva jurisprudencia procesal penal, c2006:

670 ## - FUENTE DE DATOS ENCONTRADOS

  • Cita de la fuente: Formularios de los procedimientos civil y ... 1998:

670 ## - FUENTE DE DATOS ENCONTRADOS

  • Cita de la fuente: Legislación de drogas de la República Dominicana, 1997:

670 ## - FUENTE DE DATOS ENCONTRADOS

  • Cita de la fuente: Código de la República Dominicana y ... 1993

670 ## - FUENTE DE DATOS ENCONTRADOS

  • Cita de la fuente: República Dominicana. Ley monetaria y financiera, 2003

Con tecnología Koha